Waves in the ocean and atmosphere : introduction to wave dynamics /

Bibliographic Details
Main Author: Pedlosky, Joseph (Author)
Format: Book
Language:English
Published: Berlin ; New York : Springer, [2003]
Subjects:
Online Access:Table of contents
Publisher description

MARC

Tag First Indicator Second Indicator Subfields
LEADER 00000cam a22000004i 4500
001 in00004808413
007 t
008 030519s2003 gw a b 001 0 eng
005 20240807184542.0
010 |a  2003053862 
035 |a (OCoLC)ocm51913484  
040 |a DLC  |b eng  |e rda  |c DLC  |d YDX  |d UKM  |d BAKER  |d NLGGC  |d BTCTA  |d IG#  |d PUL  |d YDXCP  |d HEBIS  |d BDX  |d COO  |d OCLCF  |d OCLCO  |d OCLCQ  |d OHX  |d NAM  |d OCLCQ  |d HUELT  |d OCLCO  |d CNO  |d OCLCO  |d OCLCQ  |d NAG  |d EZ9  |d OKS  |d OCLCO  |d OCLCL  |d OCLCQ 
015 |a GBA3Y2016  |2 bnb 
016 7 |a 96804073X  |2 DE-101 
019 |a 51912131  |a 1202075444  |a 1243875287 
020 |a 3540003401  |q (acid-free paper) 
020 |a 9783540003403  |q (acid-free paper) 
029 1 |a AU@  |b 000024675442 
029 1 |a HEBIS  |b 112899587 
029 1 |a IG#  |b 3540003401 
029 1 |a IG#  |b 9783540003403 
029 1 |a NLGGC  |b 249262231 
029 1 |a NZ1  |b 7721409 
029 1 |a OHX  |b har035010424 
029 1 |a AU@  |b 000072259656 
035 |a (OCoLC)51913484  |z (OCoLC)51912131  |z (OCoLC)1202075444  |z (OCoLC)1243875287 
042 |a pcc 
050 0 0 |a GC211.2  |b .P47 2003 
082 0 0 |a 551.47/02  |2 21 
084 |a 33.14  |2 bcl 
084 |a 38.79  |2 bcl 
049 |a MAIN 
100 1 |a Pedlosky, Joseph,  |e author 
245 1 0 |a Waves in the ocean and atmosphere :  |b introduction to wave dynamics /  |c Joseph Pedlosky. 
246 3 0 |a Introduction to wave dynamics 
264 1 |a Berlin ;  |a New York :  |b Springer,  |c [2003] 
264 4 |c ©2003 
300 |a viii, 260 pages :  |b illustrations ;  |c 24 cm 
336 |a text  |b txt  |2 rdacontent 
337 |a unmediated  |b n  |2 rdamedia 
338 |a volume  |b nc  |2 rdacarrier 
504 |a Includes bibliographical references (pages 249-251) and index. 
505 0 |a 1. Introduction -- 2. Kinematic Generalization -- 3. Equations of Motion; Surface Gravity Waves -- 4. Fields of Motion in Gravity Waves and Energy -- 5. The Initial Value Problem -- 6. Discussion of Initial Value Problem (Continued) -- 7. Internal Gravity Waves -- 8. Internal Waves, Group Velocity and Reflection -- 9. WKB Theory for Internal Gravity Waves -- 10. Vertical Propagation of Waves: Steady Flow and the Radiation Condition -- 11. Rotation and Potential Vorticity -- 12. Large-Scale Hydrostatic Motions -- 13. Shallow Water Waves in a Rotating Fluid; Poincare and Kelvin Waves -- 14. Rossby Waves -- 15. Rossby Waves (Continued), Quasi-Geostrophy -- 16. Energy and Energy Flux in Rossby Waves -- 17. Laplace Tidal Equations and the Vertical Structure Equation -- 18. Equatorial Beta-Plane and Equatorial Waves -- 19. Stratified Quasi-Geostrophic Motion and Instability Waves -- 20. Energy Equation and Necessary Conditions for Instability -- 21. Wave-Mean Flow Interaction. 
590 |b TAG Physical Holdings 2 
650 0 |a Ocean waves.  |0 http://id.loc.gov/authorities/subjects/sh85093908 
650 0 |a Atmospheric waves.  |0 http://id.loc.gov/authorities/subjects/sh85009305 
650 6 |a Vagues. 
650 6 |a Ondes atmosphériques. 
650 7 |a Atmospheric waves.  |2 fast  |0 (OCoLC)fst00820552 
650 7 |a Ocean waves.  |2 fast  |0 (OCoLC)fst01043594 
650 7 |a Wellenbewegung  |2 gnd 
650 7 |a Meereswelle  |2 gnd 
650 7 |a Hydrodynamik  |2 gnd 
650 7 |a Atmosphäre  |2 gnd 
650 7 |a OCEANS.  |2 nasat 
650 7 |a ATMOSPHERICS.  |2 nasat 
650 7 |a WAVES.  |2 nasat 
650 7 |a OCEANOGRAPHY.  |2 nasat 
758 |i has work:  |a Waves in the ocean and atmosphere (Text)  |1 https://id.oclc.org/worldcat/entity/E39PCFY3PyfQjmCpqgqGDqjmr3  |4 https://id.oclc.org/worldcat/ontology/hasWork 
856 4 1 |3 Table of contents  |u http://catdir.loc.gov/catdir/enhancements/fy0817/2003053862-t.html  |t 0 
856 4 2 |3 Publisher description  |u http://catdir.loc.gov/catdir/enhancements/fy0817/2003053862-d.html  |t 0 
938 |a Baker & Taylor  |b BKTY  |c 84.95  |d 84.95  |i 3540003401  |n 0004207263  |s active 
938 |a Brodart  |b BROD  |n 00732176  |c $59.95 
938 |a Baker and Taylor  |b BTCP  |n 2003053862 
938 |a Otto Harrassowitz  |b HARR  |n har035010424 
938 |a Ingram  |b INGR  |n 9783540003403 
938 |a YBP Library Services  |b YANK  |n 1962295 
994 |a 92  |b TAG 
852 |a TAG  |b TAGC  |c galv,stk  |h GC211.2 .P47 2003  |t c.1 
876 |c 39.96  |p 33620001134184  |x Acc# 2006-2467  |v unmediated -- volume 
999 f f |s 7d5be3eb-e5fd-4afb-9489-6d9f731e5a72  |i 15fb9c2f-1995-4810-b434-730cfee3f320  |t 0 
952 f f |p normal  |a Texas A&M University  |b Galveston Campus  |c Jack K. Williams Library  |d Galveston Stacks  |t 0  |e GC211.2 .P47 2003  |h Library of Congress classification  |i unmediated -- volume  |m 33620001134184 
998 f f |a GC211.2 .P47 2003  |t 0  |l Galveston Stacks